[Event "Liga Insular Gran Canaria 1b"]
[Site "Las Palmas"]
[Date "2019.04.27"]
[Round "6.2"]
[White "De la Hoz Sanchez, Ruben"]
[Black "Gonzalez Acosta, Francisco"]
[Result "1-0"]
[WhiteElo "1939"]
[BlackElo "1623"]
[PlyCount "67"]
[EventDate "2019.03.02"]
[EventType "team-tourn"]
[EventRounds "7"]
[EventCountry "ESP"]
[SourceTitle "EXT 2021"]
[Source "ChessBase"]
[SourceDate "2020.10.23"]
[SourceVersion "1"]
[SourceVersionDate "2020.10.23"]
[SourceQuality "1"]
[WhiteTeam "Hotel Avda de Canarias II"]
[BlackTeam "Grandama III"]
[WhiteTeamCountry "ESP"]
[BlackTeamCountry "ESP"]

1. g3 g6 2. Bg2 Bg7 3. c4 c6 4. Nf3 Nf6 5. d4 d5 6. Nc3 0-0 7. 0-0 e6 8. Rb1 Nbd7 9. c5 Re8 10. Bf4 e5 11. Nxe5 Nh5 12. Nxd7 Nxf4 13. gxf4 Bxd7 14. e3 Qh4 15. Qf3 Bf5 16. Rbc1 Qe7 17. Bh3 Be4 18. Qg3 Qf6 19. Qg5 h6 20. Qxf6 Bxf6 21. Bg2 Bf5 22. Rfd1 Re7 23. b4 Bg7 24. b5 Rb8 25. Bf1 Ree8 26. Bd3 Bd7 27. Rb1 Bf6 28. a4 Bg4 29. Rd2 Bd7 30. Rdb2 Bg7 31. Na2 cxb5 32. axb5 Rec8 33. Nb4 Bf6 34. Nxd5 1-0

[Event "ESP-ch FEDC 26th"]
[Site "Ciudad Real"]
[Date "2017.11.13"]
[Round "2.27"]
[White "Menendez Alvarez, Antonio"]
[Black "Gonzalez Acosta, Francisco"]
[Result "0-1"]
[WhiteElo "1104"]
[BlackElo "1558"]
[PlyCount "34"]
[EventDate "2017.11.12"]
[EventType "swiss"]
[EventRounds "8"]
[EventCountry "ESP"]
[SourceTitle "EXT 2024"]
[Source "ChessBase"]
[SourceDate "2023.10.10"]
[SourceVersion "1"]
[SourceVersionDate "2023.10.10"]
[SourceQuality "1"]

1. e4 d6 2. d4 Nf6 3. Nc3 g6 4. Nf3 Bg7 5. Be2 0-0 6. 0-0 c6 7. Be3 Qc7 8. Qd2 Re8 9. Bh6 Bh8 10. d5 Nbd7 11. Rfe1 Nc5 12. Bf1 a5 13. a4 Bd7 14. Rab1 cxd5 15. Nxd5 Nxd5 16. exd5 Nxa4 17. Nd4 Nc5 0-1

[Event "Las Palmas Insular-chT Segunda-B 1617"]
[Site "Las Palmas"]
[Date "2017.02.18"]
[Round "11.3"]
[White "Gamia Sunday, Cristobal"]
[Black "Gonzalez Acosta, Francisco"]
[Result "1-0"]
[WhiteElo "1546"]
[BlackElo "1558"]
[PlyCount "97"]
[EventDate "2016.10.22"]
[EventType "team-tourn"]
[EventRounds "14"]
[EventCountry "ESP"]
[SourceTitle "EXT 2018"]
[Source "ChessBase"]
[SourceDate "2017.10.13"]
[SourceVersion "1"]
[SourceVersionDate "2017.10.13"]
[SourceQuality "1"]
[WhiteTeam "Fundacion La Caja de Canarias IV"]
[BlackTeam "Grandama III"]
[WhiteTeamCountry "ESP"]
[BlackTeamCountry "ESP"]

1. b4 d5 2. Bb2 e6 3. Nf3 Nf6 4. b5 c5 5. bxc6 bxc6 6. e3 Ba6 7. d3 Nbd7 8. c4 Rb8 9. Qc2 Qb6 10. Bc3 Bb4 11. Be2 Bxc3+ 12. Nxc3 Qb2 13. Qc1 Qxc1+ 14. Rxc1 0-0 15. Kd2 dxc4 16. dxc4 Rfd8 17. Kc2 Nb6 18. c5 Bxe2 19. Nxe2 Na4 20. Rb1 Nxc5 21. Ned4 Nce4 22. Nxc6 Rbc8 23. Nfe5 Rd6 24. Rb8 Rxb8 25. Nxb8 Rd2+ 26. Kb3 Nxf2 27. Rc1 h6 28. Rc7 N2g4 29. Nxg4 Nxg4 30. Rxa7 Nxe3 31. a4 Nd5 32. a5 e5 33. a6 Nb6 34. Re7 f6 35. a7 Na8 36. Nd7 Kh7 37. Nxf6+ Kg6 38. Ne8 e4 39. Rxg7+ Kf5 40. Rf7+ Kg6 41. Rf6+ Kg5 42. Re6 Rxg2 43. Nd6 Rxh2 44. Rxe4 h5 45. Re8 Nc7 46. Rc8 Rh3+ 47. Kb4 Nd5+ 48. Kc5 Ra3 49. a8Q 1-0

[Event "Las Palmas Insular-chT Primera-B"]
[Site "Las Palmas"]
[Date "2016.01.23"]
[Round "10.1"]
[White "Gonzalez Acosta, Francisco"]
[Black "Leon Rodriguez, Orlando"]
[Result "0-1"]
[WhiteElo "1608"]
[BlackElo "2191"]
[PlyCount "74"]
[EventDate "2015.10.17"]
[EventType "team-tourn"]
[EventRounds "14"]
[EventCountry "ESP"]
[SourceTitle "CBM 170 Extra"]
[Source "ChessBase"]
[SourceDate "2016.02.25"]
[SourceVersion "1"]
[SourceVersionDate "2016.02.25"]
[SourceQuality "1"]
[WhiteTeam "El Puerto de Santa Lucia"]
[BlackTeam "Dominicas"]
[WhiteTeamCountry "ESP"]
[BlackTeamCountry "ESP"]

1. c4 g6 2. Nc3 Bg7 3. g3 c5 4. Bg2 Nc6 5. Nf3 Nf6 6. 0-0 0-0 7. e3 d6 8. a3 Bg4 9. Qc2 Qd7 10. Re1 Bxf3 11. Bxf3 Ne5 12. Bg2 Nxc4 13. b4 Rac8 14. Qb3 cxb4 15. axb4 a6 16. Rb1 e6 17. d3 Ne5 18. Na4 Qd8 19. b5 a5 20. b6 Nfd7 21. Bxb7 Rb8 22. Bg2 d5 23. Bd2 Qf6 24. f4 Ng4 25. Bc3 Qf5 26. Bxg7 Kxg7 27. e4 dxe4 28. dxe4 Qf6 29. Red1 Rfd8 30. Bf3 h5 31. Qb5 Qe7 32. Qxa5 Qa3 33. Bxg4 Qe3+ 34. Kf1 hxg4 35. Rxd7 Rxd7 36. Qe5+ Kh7 37. Qb2 Rd2 0-1

[Event "FEDC Cup Div/1 16th"]
[Site "Cambrils"]
[Date "2015.11.24"]
[Round "3.2"]
[White "Gonzalez Acosta, Francisco"]
[Black "Diez Asensio, Jesus"]
[Result "0-1"]
[WhiteElo "1553"]
[BlackElo "1852"]
[PlyCount "56"]
[EventDate "2015.11.22"]
[EventType "team-tourn"]
[EventRounds "7"]
[EventCountry "ESP"]
[SourceTitle "CBM 169 Extra"]
[Source "ChessBase"]
[SourceDate "2015.12.18"]
[SourceVersion "1"]
[SourceVersionDate "2015.12.18"]
[SourceQuality "1"]
[WhiteTeam "Tenerife"]
[BlackTeam "Castilla y Leon"]
[WhiteTeamCountry "ESP"]
[BlackTeamCountry "ESP"]

1. c4 c6 2. Nf3 d5 3. b3 Nf6 4. g3 Bg4 5. Bg2 e6 6. Bb2 Be7 7. 0-0 0-0 8. d3 Nbd7 9. Nbd2 Re8 10. Re1 a5 11. Rc1 Qb6 12. Qc2 a4 13. cxd5 exd5 14. bxa4 Qa5 15. Rb1 Qxa4 16. Qxa4 Rxa4 17. Bxf6 Bxf6 18. Rxb7 Rxa2 19. Rc1 c5 20. h3 Be6 21. Nb3 Rc8 22. Nfd2 Nf8 23. Nf1 Rxe2 24. Ne3 c4 25. dxc4 dxc4 26. Na1 Ra2 27. Nec2 Ng6 28. Bf1 Ne5 0-1

[Event "Las Palmas Insular-chT Primera-A"]
[Site "Las Palmas"]
[Date "2013.11.09"]
[Round "1.2"]
[White "Gonzalez Acosta, Francisco"]
[Black "Roca Marrero, Fernando"]
[Result "1/2-1/2"]
[WhiteElo "1541"]
[BlackElo "1527"]
[PlyCount "71"]
[EventDate "2013.11.09"]
[EventType "team-tourn"]
[EventRounds "14"]
[EventCountry "ESP"]
[SourceTitle "EXT 2015"]
[Source "ChessBase"]
[SourceDate "2014.11.20"]
[SourceVersion "1"]
[SourceVersionDate "2014.11.20"]
[SourceQuality "1"]
[WhiteTeam "Maspalomas "]
[BlackTeam "San Mateo "]
[WhiteTeamCountry "ESP"]
[BlackTeamCountry "ESP"]

1. c4 Nf6 2. Nc3 g6 3. g3 Bg7 4. Bg2 e5 5. e3 a5 6. Nge2 0-0 7. 0-0 d6 8. d4 Nbd7 9. Qc2 Re8 10. b3 Rb8 11. Bb2 h5 12. a3 c6 13. b4 axb4 14. axb4 exd4 15. exd4 Nb6 16. Qb3 d5 17. c5 Nc4 18. Bc1 Bf5 19. Bg5 Qd7 20. Rfe1 Ne4 21. Nxe4 Bxe4 22. Be3 Bxg2 23. Kxg2 Nxe3+ 24. fxe3 h4 25. Nf4 Qf5 26. Qb1 Re4 27. Qd1 Rbe8 28. Qd2 g5 29. Nd3 h3+ 30. Kg1 Qf3 31. Qf2 Qxf2+ 32. Kxf2 Bh6 33. Ra7 R8e7 34. Raa1 f6 35. Rab1 Kf7 36. Ra1 1/2-1/2

[Event "Gran Canaria Cuadrangular 3rd"]
[Site "Gran Canaria"]
[Date "2010.12.11"]
[Round "2.1"]
[White "Gonzalez Acosta, Francisco"]
[Black "Hormiga Amador, Miguel Angel"]
[Result "0-1"]
[WhiteElo "2080"]
[BlackElo "2114"]
[PlyCount "44"]
[EventDate "2010.12.10"]
[EventType "swiss"]
[EventRounds "3"]
[EventCountry "ESP"]
[SourceTitle "EXT 2024"]
[Source "ChessBase"]
[SourceDate "2023.10.10"]
[SourceVersion "1"]
[SourceVersionDate "2023.10.10"]
[SourceQuality "1"]
[WhiteTeam "Maspalomas"]
[BlackTeam "Laguna Cotelec"]
[WhiteTeamCountry "ESP"]
[BlackTeamCountry "ESP"]

1. c4 e5 2. Nc3 Nc6 3. Nf3 g6 4. d4 exd4 5. Nxd4 Bg7 6. Nc2 Nge7 7. g3 0-0 8. Bg2 d6 9. 0-0 Ne5 10. Ne3 c6 11. Bd2 Be6 12. b3 Rc8 13. Rc1 Qd7 14. Re1 d5 15. cxd5 cxd5 16. f4 d4 17. fxe5 dxc3 18. Bxc3 Bh6 19. Bd2 Rfd8 20. Rxc8 Nxc8 21. Nd5 Bxd5 22. Bxh6 Bxg2 0-1